000
00209 a2200097 4500
001
6487
100
_a
Dowson, D
245
_a
Elasto - Hydrodynamic Lubrication
260
_a
_b
Pergmon
_c
090
_c
5345
_d
5345
942
_a
NUST-CAE
_c
M
_c
31762
999
_c
241560
_d
241560